| 000 | 00785nam a22002057a 4500 | ||
|---|---|---|---|
| 005 | 20100726130339.0 | ||
| 010 | _aENG-96964 | ||
| 020 |
_a9788124114711 _c495.00 |
||
| 035 | _aEN-80497 | ||
| 037 | _bDBAD/PUB | ||
| 082 | _a320.454 | ||
| 245 |
_aDemocracy, Nation Building Peace in South Asia : _bChallenges and Prospects / _cedited by Nalini Kant Jha |
||
| 260 |
_aNew Delhi _bHar - Anand Publications _c2009 |
||
| 270 |
_aE-49/3 Okhla Industrial Area ,Phase -2 _bNew Delhi _e110020 |
||
| 300 | 2 |
_a239p. _c22cm (Hbk) |
|
| 500 | _ainclude index | ||
| 700 |
_aedited by Nalini Kant Jha _91465 |
||
| 942 |
_2ddc _cEN _h320.454 _mDEM |
||
| 999 |
_c37704 _d37704 |
||